London Underground - Victoria Line Map - Statistics

General Stats
  • This quiz has been taken 308 times
  • The average score is 13 of 16
Answers on the Map
Answers color-coded by a green-red scale on the quiz's map according to % correct below.
 
Answer Stats
Answer % Correct
Brixton
93%
Victoria
91%
King's Cross St. Pancras
89%
Pimlico
86%
Euston
84%
Vauxhall
83%
Green Park
81%
Oxford Circus
79%
Walthamstow Central
79%
Stockwell
78%
Finsbury Park
77%
Seven Sisters
77%
Warren Street
77%
Highbury & Islington
76%
Tottenham Hale
74%
Blackhorse Road
72%
No matching quizzes found
Score Distribution
Percent of People with Each Score
Percentile by Number Answered
Your Score History
You have not taken this quiz